|
|
|
|
| LEADER |
03590nam a22004453i 4500 |
| 001 |
EBC6763086 |
| 003 |
MiAaPQ |
| 005 |
20231204023219.0 |
| 006 |
m o d | |
| 007 |
cr cnu|||||||| |
| 008 |
231204s2018 xx o ||||0 eng d |
| 020 |
|
|
|a 9783839437933
|q (electronic bk.)
|
| 020 |
|
|
|z 9783837637939
|
| 035 |
|
|
|a (MiAaPQ)EBC6763086
|
| 035 |
|
|
|a (Au-PeEL)EBL6763086
|
| 035 |
|
|
|a (OCoLC)1030818293
|
| 040 |
|
|
|a MiAaPQ
|b eng
|e rda
|e pn
|c MiAaPQ
|d MiAaPQ
|
| 082 |
0 |
|
|a 809/.93353
|
| 100 |
1 |
|
|a Jandl, Ingeborg.
|
| 245 |
1 |
0 |
|a Writing Emotions :
|b Theoretical Concepts and Selected Case Studies in Literature.
|
| 250 |
|
|
|a 1st ed.
|
| 264 |
|
1 |
|a Bielefeld :
|b transcript,
|c 2018.
|
| 264 |
|
4 |
|c ©2017.
|
| 300 |
|
|
|a 1 online resource (384 pages)
|
| 336 |
|
|
|a text
|b txt
|2 rdacontent
|
| 337 |
|
|
|a computer
|b c
|2 rdamedia
|
| 338 |
|
|
|a online resource
|b cr
|2 rdacarrier
|
| 490 |
1 |
|
|a Lettre
|
| 505 |
0 |
|
|a Intro -- Contents -- Preface -- Writing Emotions/Reading Emotions -- Emotions and the Process of Writing -- The Affective Value of Fiction Presenting and Evoking Emotions -- The Author - "Specialize[d] in Having Fun"? Cognitive Theories of Emotion and Literary Studies in the Context of Two Interviews with Michael Stavarič -- Emotions and/in Religion Reading Sigmund Freud, Rudolph Otto, and William James -- Emotions Mediated -- Autism, Love, and Writing in and around Russian Literature On Feeling, Non-Feeling and Writing as a Communicative Medium to Express Emotions -- Riding Emotions The Motorcycle as a Vehicle of Political E/Motions in Rachel Kushner's Novel The Flamethrowers -- "[…] which approximates 'I love you'." Jonathan Safran Foer's Punctuation of Emotions -- Form and Emotion in Stephen Chbosky's The Perks of Being a Wallflower -- The Intermediality of Emotion Representations of Emotionality and Fear in YouTube Vlogs and Beyond -- Emotions on Stage and in Literary Texts -- "'Tis Magic, Magic that Hath Ravished Me" Passionate Conjuring in Doctor Faustus and The Devil's Charter -- Passionate Writing The Rhythms of Jealousy in Early Modern English Texts and Drama -- When the Author Is Not the Author of Passions J.J. Engel's Herr Lorenz Stark and the Pathognomy of Style -- How to Study Emotion Effects in Literature Written Emotions in Edgar Allan Poe's "The Fall of the House of Usher" -- Posthuman Nostalgia? Re-Evaluating Human Emotions in Michel Houellebecq's La possibilité d'une île .. -- Writing Wounds -- Writing Disgust, Writing Realities The Complexity of Negative Emotions in Émile Zola's Nana -- Breaking the Ice, Freezing the Laughter Authorial Empathy, Reader Response, and the Kafkaesque Poetics of Guilt and Shame.
|
| 505 |
8 |
|
|a Hiding One's Feelings 'Emotionless' Rhetoric in Raul Hilberg's The Destruction of the European Jews and Peter Weiss's Die Ermittlung -- Love under Threat The Emotional Valences of the Twilight Saga -- AUTHORS.
|
| 588 |
|
|
|a Description based on publisher supplied metadata and other sources.
|
| 590 |
|
|
|a Electronic reproduction. Ann Arbor, Michigan : ProQuest Ebook Central, 2023. Available via World Wide Web. Access may be limited to ProQuest Ebook Central affiliated libraries.
|
| 655 |
|
4 |
|a Electronic books.
|
| 700 |
1 |
|
|a Knaller, Susanne.
|
| 700 |
1 |
|
|a Schönfellner, Sabine.
|
| 700 |
1 |
|
|a Tockner, Gudrun.
|
| 776 |
0 |
8 |
|i Print version:
|a Jandl, Ingeborg
|t Writing Emotions
|d Bielefeld : transcript,c2018
|z 9783837637939
|
| 797 |
2 |
|
|a ProQuest (Firm)
|
| 830 |
|
0 |
|a Lettre
|
| 856 |
4 |
0 |
|u https://ebookcentral.proquest.com/lib/matrademy/detail.action?docID=6763086
|z Click to View
|